01318nam a22003017a 4500003000400000005001700004008004100021040002200062082001800084100002500102245003000127260006000157300002100217366000800238490003100246505009200277505016800369505009000537505001200627650005500639650004700694650004800741650004300789650004500832650005600877650004700933700003600980OSt20230622123040.0221006b |||||||| |||| 00| 0 eng d cBiblioteca Lado V a709.05bG851a aGriffin, Timeeditor aArtforum/bInternacional/ aNew Yorkc2010bNew York editorial and business offices c26.5x27cma292p. eeng aNOVIEMBREv2010x0864-1315 tCOLUMNSaMEDIA FILM BOOKS DISPATCH PERFORMANCE MUSIC ARCHITECTURE SLANT TOP TEN tFEATURESaCHARACTER STUDY 1000 WORDS EVERYTHING GOES THE DISCOVERY OF SLOWNESS A TORRENT OF IDEAS ON A BEAUTIFUL DAY CLOSE-UP UNBOUNDED ENTHUSIASMS OPENINGS tFEATURESaUNCOMMON KNOWLEDGE PORTFOLIO SPIRIT MOVES CLOSE-UP 1000 WORDS OPENINGS tREVIEWS 2Tesauro de Arte & ArquitecturaaARTE COMTEMPORANEO 2Tesauro de Arte & ArquitecturaaFOTOGRAFIA 2Tesauro de Arte & ArquitecturaaARTE VISUAL 2Tesauro de Arte & ArquitecturaaLIBROS 2Tesauro de Arte & ArquitecturaaNOTICIAS 2 Tesauro de Arte & ArquitecturaaARTE INTERNACIONAL 2 Tesauro de Arte & ArquitecturaaESCULTURA aNavarreta, Jose Antonioeeditor